1542 1475 1123 1759 1380 1789 1243 1707 1530 1132 1777 1576 1177 1698 1473 1974 1406 1968 1657 1714 1723 1401 1918 1182 1459 1621 1449 1247 1780 1699 1650 1268 1121 1585 1963 1816 1802 1651 1323 1166 1147 1019 1985 1223 1211 1017 1595 1918 1522 1493 1802 1168 1525 1323 1653 1631 1277 1396 1917 1025 1541 1990 1329 1852 1410 1335 1654 1816 1323 1027 1628 1776 1308 1167 1792 1353 1236 1469 1249 1416 1665 1872 1254 1498 1826 1553 1182 1359 1501 1716 1720 1625 1412 1521 1414 1320 1688 1398 1879 BCNSPRNW ULIB Ver.6.0+V

เปลี่ยนเป็นภาษาไทย

Change to English
 แสดงรายละเอียดบรรณานุกรม
  กลับหน้าหลัก

Brief Record : Get Marc (ISO 2709) : E-mail record : QR code < ปิดหน้าต่าง
LEADER : 00000nam 2200000uu 4500
001    13399111171
003     ULIB
008    110619s2548||||th 000 0 tha d
060 04 WY18.2^bว587ส 2548
245 00 สาระทบทวนวิชา :^bกฎหมายและจรรยาบรรณวิชาชีพการพยาบาล /^cหัวหน้าโครงการพัฒนาทักษะชีวิต, ละเอียด แจ่มจันทร์
246 30 กฎหมายและจรรยาบรรณวิชาชีพการพยาบาล
250    พิมพ์ครั้งที่ 1
260    กรุงเทพฯ :^bวิทยาลัยพยาบาลเครือข่ายภาคกลาง, ^c2548
300    107 หน้า ;^c26 ซม.
650  7 การพยาบาล^xกฎหมายและระเบียบข้อบังคับ
650  7 จรรยาบรรณพยาบาล
700 0  ละเอียด แจ่มจันทร์,^eบรรณาธิการ
710     วิทยาลัยพยาบาลเครือข่ายภาคกลาง
945    ^p0^l0^i13721
945    ^p0^l0^i13719
945    ^p0^l0^i13720
995    เกษร
999    ^aใช้งานได้ทุกระบบ
รายการนี้ยังไม่มีแท็ก
คุณยังไม่ได้ล็อกอิน คุณสามารถมีกิจกรรมร่วมกับเว็บไซต์ได้ แต่ต้องล็อกอินก่อน ::
  ล็อกอิน

รายการสื่อสารสนเทศ

ลำดับที่ ประเภท เลขเรียก/บาร์โค้ด สถานที่ สถานะ
- ไม่พบข้อมูล -

รายการใกล้เคียง
    หัวเรื่อง [จรรยาบรรณพยาบาล]

BibComment


ยังไม่เคยถูกคอมเมนท์

คอมเมนท์ทรัพยากรรายการนี้
  คอมเมนท์: สาระทบทวนวิชา กฎ..


 Copyright 2026. Bcnsprnw @Library